000 01098nam0a22002651 4500
001 rc\818113
005 20041129091400.5
035 _a(NLR Aleph) 006000963
090 _a7228184
_c7228184
100 _a20041129d1984 u |0rusy50 ca
101 0 _arus
102 _aRU
105 _aa |||||||||
200 1 _aСборник задач по курсу инженерной графики для программированного контроля знаний
_fВ.М. Щавелин, С.М. Демьянова, Н.И. Дубова
_gМ-во высш. и сред. спец. образования СССР, Моск. инж.-физ. ин-т
210 _aМ.
_cМИФИ
_d1984
215 _a88 с.
_cчерт.
_d20
320 _aБиблиогр.: с. 87
700 1 _aЩавелин
_bВ. М.
_gВладимир Михайлович
701 1 _aДемьянова
_bС. М.
_gСветлана Михайловна
701 1 _aДубова
_bН. И.
_gНина Ивановна
801 0 _aRU
_bNLR
_gpsbo
801 1 _aRU
_bELAR
_2rusmarc
852 _aNLR
_j87-4/436
942 _cBOOK
980 _aNB